000
00189nam a2200085Ia 4500
008
120527s9999 xx 000 0 und d
100
_a
Chinella & Tu
245
_a
Brain mechanism
942
_c
BK
999
_c
27756
_d
27756